Atalanta Squad 2025-2026 - Statistics

General Stats
  • This quiz has been taken 302 times
    130 since last reset
  • The average score is 23 of 28
Answer Stats
# Position Nation Player % Correct
9 FW Italy Gianluca Scamacca
98%
29 GK Italy Marco Carnesecchi
96%
11 FW Nigeria Ademola Lookman
95%
19 DF Albania Berat Djimsiti
95%
15 MF Netherlands Marten de Roon
95%
13 MF Brazil Éderson
94%
8 MF Croatia Mario Pašalić
94%
59 MF Poland Nicola Zalewski
93%
4 DF Sweden Isak Hien
91%
- Coach Italy Raffaele Palladino
91%
23 DF Bosnia and Herzegovina Sead Kolašinac
91%
6 MF United States Yunus Musah
90%
90 FW Montenegro Nikola Krstović
89%
3 DF Ivory Coast Odilon Kossounou
88%
- Coach Croatia Ivan Jurić
87%
77 MF Italy Davide Zappacosta
85%
17 MF Belgium Charles De Ketelaere
84%
7 FW Ghana Kamaldeen Sulemana
83%
18 FW Italy Giacomo Raspadori
82%
42 DF Italy Giorgio Scalvini
82%
10 MF Serbia Lazar Samardžić
80%
57 GK Italy Marco Sportiello
74%
69 DF Italy Honest Ahanor
67%
31 GK Italy Francesco Rossi
66%
16 MF Italy Raoul Bellanova
65%
5 DF Netherlands Mitchel Bakker
63%
44 MF Italy Marco Brescianini
57%
70 MF Italy Daniel Maldini
56%
No matching quizzes found
Score Distribution
Percent of People with Each Score
Percentile by Number Answered
Your Score History
You have not taken this quiz since the last reset